Training the body to cure itself : how to use exercise to heal
| Other Authors: | |
|---|---|
| Format: | Book |
| Published: |
Pennsylvania :
Rodale Press ,
1992
|
| Subjects: |
MARC
| LEADER | 00000cam a2200000 7i4500 | ||
|---|---|---|---|
| 001 | 0000001631 | ||
| 002 | 000001779 | ||
| 005 | 20081105.0 | ||
| 020 | |a 0875961312 | ||
| 090 | 0 | 0 | |a 615.82 |b TRA |
| 245 | 0 | 0 | |a Training the body to cure itself : |b how to use exercise to heal |c edited by Alice Feinstein ; by the editors of Prevention Magazine Health Books |
| 260 | |a Pennsylvania : |b Rodale Press , |c 1992 | ||
| 300 | |a 516p. ; |c 28cm. | ||
| 650 | 0 | 0 | |a Exercise therapy |
| 700 | 1 | |a Feinstein, Alice | |
| 999 | |a 034543 |b BUKU |c PINJAMAN |e PERPUSTAKAAN KOMUNITI PETALING JAYA | ||